Statistics for Best Chess players of 2022

Click here to take the quiz!

General Stats

  • This quiz has been taken 12 times
  • The average score is 7 of 15

Answer Stats

CountryChess player% Correct
NorwayMagnus Carlsen
100%
United StatesHikaru Nakamura
75%
FranceAlireza Firouzja
58%
ChinaDing Liren
58%
NetherlandsAnish Giri
50%
RussiaIan Nepomniachtchi
50%
United StatesFabiano Caruana
42%
HungaryRichard Rapport
42%
AzerbaijanTeimour Radjabov
42%
United StatesWesley So
42%
AzerbaijanShakhriyar Mamedyarov
33%
IndiaViswanathan Anand
33%
RussiaAlexander Grischuk
25%
United StatesLeinier Dominguez Perez
25%
RussiaSergey Karjakin
17%

Score Distribution

Percentile by Number Answered

Percent of People with Each Score

Your Score History

You have not taken this quiz